| 000 | 00632pam a2200229 a 4500 | ||
|---|---|---|---|
| 001 | 933938 | ||
| 005 | 20180208090758.0 | ||
| 008 | 830727s1983 nyu b 001 0 eng | ||
| 010 | _a 83015405 | ||
| 020 |
_a0379207206 : _c$17.50 |
||
| 040 |
_aDLC _cDLC _dDLC |
||
| 041 | _aeng | ||
| 043 | _an-us--- | ||
| 080 | _a349.73 FAR | ||
| 082 | 0 | 0 |
_a349.73 FAR _a347.3 _219 |
| 100 | 1 | _a15 | |
| 101 | _aJUR | ||
| 245 | 1 | 3 |
_aAn introduction to the legal system of the United States / _cby E. Allan Farnsworth. |
| 504 | _aIncludes bibliographies and index. | ||
| 906 |
_a7 _bcbc _corignew _d1 _eocip _f19 _gy-gencatlg |
||
| 942 |
_2ddc _cBK |
||
| 999 |
_c42172 _d42172 |
||